000 00623nam a2200241 i 4500
001 C2-0292444
003 PPAK
005 20180728024451.0
008 090106s2008 nyu |||| ||||| | eng d
020 _a9780399154188
040 _aPPAK
_beng
_cPPAK
_erda
082 0 4 _a823
_223
090 0 0 _a823
_bCOR
_dLCK
100 1 _aCornwell, Patricia,
_eauthor
245 1 4 _aThe front
264 1 _aNew York :
_bG.P. Putnam's Sons ,
_c2008
300 _a180 pages ;
_c22 cm
336 _2rdacontent
_atext
337 _2rdamedia
_aunmediated
338 _2rdacarrier
_avolume
650 1 0 _aEnglish - Fiction
942 _ddc
_cB
999 _c97317
_d97317